Retrouvez le mot #2 - Statistiques

Statistiques générales
  • Ce quiz a été pris 94 fois
    91 depuis la dernière actualisation
  • Le résultat moyen est 47 sur 100
Statistiques - réponses
Indices Mot % Correct
à l'arc, à bout portant, au but Tir
96%
végétale, à raser, au chocolat Mousse
82%
de cacao, à canon, de perlimpinpin Poudre
73%
bée, à oreille, d'égout Bouche
71%
forgé, à cheval, à repasser Fer
71%
de neige, de bowling, à facettes Boule
70%
à sauter, de guitare, vocale Corde
70%
filante, de mer, montante Étoile
70%
rouge, d'artifice, follet Feu
70%
de corde, locale, de Richter Échelle
68%
d'or, d'acné, de manchette Bouton
67%
blanc, de Bruxelles, à la crème Chou
67%
de récréation, d'assises, du roi Cour
67%
d'olive, sur verre, de coude Huile
67%
à baldaquin, d'un courant, de mort Lit
67%
de signalisation, solaire, de configuration Panneau
67%
en croûte, de sable, de maisons Pâté
67%
à lapin, d'escalier, thoracique Cage
66%
d'État, de main, d'affaires Homme
66%
de vacances, de retraite, hantée Maison
66%
au beurre noir, de bœuf, du cyclone Œil
66%
forestière, cyclable, de danse Piste
66%
d'oiseau, plané, à l'arraché Vol
64%
à pied, alimentaire, contre la montre Course
63%
de poche, d'or, sterling Livre
63%
de carnaval, de plongée, chirurgical Masque
63%
de chambre, de vin, aux roses Pot
63%
laitier, en croix, intérieur brut Produit
63%
de lait, dure, de scie Dent
62%
de prison, de mots croisés, d'évaluation Grille
60%
d'entrée, manteau, d'Orléans Porte
60%
fort, au trésor, de la voix Coffre
59%
de briques, du son, Facebook Mur
59%
de l'Everest, d'un triangle, du G20 Sommet
56%
de ficelle, du monde, portant Bout
55%
de la passion, de mer, du hasard Fruit
55%
de pensée, d'air, alternatif Courant
53%
de théâtre, internationale, de ménage Scène
53%
de la barbe, de guêpe, crayon Taille
53%
sanguin, spatial, fantôme Vaisseau
53%
de Lune, au beurre, fertile Croissant
52%
de pain, au fromage, terrestre Croûte
52%
au problème, aqueuse, finale Solution
52%
des routes, des connaissances, d'embauche Entretien
51%
saint, frappeur, d'équipe Esprit
51%
cultivable, cuite, sainte Terre
51%
du sol, des relations, hydroalcoolique Gel
49%
d'un tableau, ionique, vertébrale Colonne
48%
de bateau, de protection, de téléphone Coque
48%
royale, dentaire, danoise Couronne
48%
d'éléphant, vive, de fin d'études Mémoire
48%
d'art, littéraire, de charité Œuvre
48%
des fesses, de pêche, de chagrin Peau
48%
industrielle, d'ombre, érogène Zone
48%
d'arbre, professionnelle, de lunettes Branche
47%
de télévision, de fumée, total Écran
47%
tendu, migratoire, RSS Flux
47%
thermique, émotionnel, des civilisations Choc
45%
Nord, emploi, de compétitivité Pôle
45%
de vélo, de télévision, alimentaire Chaîne
42%
noire, fixe, reçue Idée
42%
scolaire, grasse, grise Matière
42%
de force, de hors-jeu, latérale de sécurité Position
41%
secrète, de données, azotée Base
40%
des champs, de sel, de l'âge Fleur
40%
à glace, épeiche, du Midi Pic
38%
en métal, du jeu, de trois Règle
38%
fort, pluvieux, de guerre Temps
38%
droit, mort, de tir Angle
37%
routier, mobile, social Réseau
37%
d'eau, pilé, progressif Verre
37%
nationale, de fumer, d'éléphant Défense
36%
à papillons, de merlan, de vinaigre Filet
34%
orageux, de lait, radioactif Nuage
34%
du doigt, atmosphérique, psychologique Pression
34%
dégarni, populaire, de mer Front
33%
de coton, musculaire, de mensonges Tissu
33%
de frappe, de service, grave Faute
32%
corporelle, volumique, d'armes Masse
32%
divers, accompli, juridique Fait
30%
géométrique, physique, grammaticale Forme
30%
humain, littéraire, féminin Genre
30%
d'arbre, artériel, commun Tronc
30%
de travail, de bus, du Conseil d'État Arrêt
29%
lourde, électrique, de travail Charge
29%
de vêtements, de griffure, page Marque
29%
de mesure, de lieu, centrale Unité
29%
chinoise, portée, de soi-même Ombre
27%
de secours, à eau, libre Roue
26%
de pierres, d'eau, privé Jet
25%
de lait, d'air, alimentaire Bol
23%
d'église, à fromage, à plongeur Cloche
23%
de table, de l'œil, perdu Coin
23%
de chasse, automatique, informatique Pilote
15%
d'orange, général, latin Quartier
14%
de seconde, ouvrière, de personnage Classe
12%
naturel, social, d'un segment Milieu
8%
de naissance, commun, jaune Lieu
7%
de vie, scolaire, de la mer Niveau
0%
de la République, mathématique, chimique Symbole
0%
Aucun quiz correspondant
Distribution des résultats
% des personnes avec chaque résultat
Percentile par nombre de réponses
Votre historique - résultats
Vous n’avez pas pris ce quiz depuis la dernière actualisation